000 01192nam a2200241 a 4500
001 000027568
005 20200930030929.0
008 110401s2004 dr 000 0 spa d
040 _aDO-SdBNP
_bspa
_cBNPHU
082 _a303.4833
_bM684t
100 1 _aMitsuteru, Nishio
_954663
245 1 0 _aTecnologías de la información y la comunicación aplicadas al entorno de las organizaciones sin fines de lucro /
_cMitsuteru Nishio.
260 _aSanto Domingo :
_bAlianza ONG :
_bW. K. Kellogg Foundation,
_c2004.
300 _axiv, 112 p ;
_c24 cm.
490 1 _aManuales para el fortalecimiento de organizaciones sin fines de lucro en gestión, marketing y tecnología de la información ;
_v10
504 _aBibliografía : p. 110-112.
590 _aInventariado, 2018/BT
650 4 _aTecnología de la información
_xManuales
_954664
650 4 _aTecnología de las comunicaciones
_xManuales
_954665
650 4 _aOrganizaciones sin ánimo de lucro
_xInnovaciones tecnológicas
_954666
830 0 _aManuales para el fortalecimiento de organizaciones sin Fines de lucro en gestión, marketing y tecnología de la información ;
_n10
_954667
910 _aValidado. Control de la calidad. EMS
999 _c27060
_d27060